| 000 | 00344nam a22001457a 4500 | ||
|---|---|---|---|
| 003 | OSt | ||
| 020 | _aNA | ||
| 040 |
_c0 _d0 |
||
| 082 |
_222 _a621.3104219 |
||
| 100 | _aSawhney, A.K | ||
| 245 | _aA course in electrical machine design / | ||
| 260 |
_aNew Delhi, _bDhanpat Rai, _cc2013. |
||
| 300 |
_axxiv, 23.34 p. ; _bill. ; |
||
| 942 |
_2ddc _cEE _011 |
||
| 999 |
_c4876 _d4876 |
||